Mancomunitat de Catalunya
Descripción Física:
72 p. [hi ha pàgines arrancades al final del llibret] ; 15 cm
MARC
| LEADER | 00000nam a2200000Ia 4500 | ||
|---|---|---|---|
| 001 | 11015 | ||
| 008 | 160829s1917 xx 000 0 cat d | ||
| 080 | |a M-3-393 | ||
| 110 | 2 | |a Catalunya. |b Mancomunitat |9 53015 | |
| 245 | |a Mancomunitat de Catalunya | ||
| 260 | |a Barcelona : |b Mancomunitat, |c 1917 | ||
| 300 | |a 72 p. [hi ha pàgines arrancades al final del llibret] ; |c 15 cm | ||
| 590 | |a Conté llista dels senyors diputats i alts càrrecs i un calendari de l'any 1918. | ||
| 650 | |a Catalunya. Mancomunitat |x Directoris |9 20454 | ||
| 650 | |a Catalunya. Mancomunitat |x Diputats |x 1917 |9 26171 | ||
| 856 | 4 | |u https://media.diba.cat/diba/fitxers/arxiu/mancomunitat/bib_11015_1917_baixa.pdf |y Accés lliure | |
| 901 | |a Arxiu | ||
| 942 | |n 1 |2 udc | ||
| 952 | |0 0 |1 0 |4 0 |6 M3393 |7 1 |9 43907 |a Arxiu |b Arxiu |d 2016-12-01 |l 0 |o M-3-393 |p 11015 |r 2016-12-01 00:00:00 |w 2016-12-01 |y ARXIU | ||
| 999 | |c 46487 |d 46487 | ||
| 900 | |a bib_11015_1917_baixa.pdf | ||